| 000 | 00725nam a22001817a 4500 | ||
|---|---|---|---|
| 003 | NUST-PNEC | ||
| 005 | 20170116180720.0 | ||
| 008 | 141025b xxu||||| |||| 00| 0 eng d | ||
| 020 | _a1931222002 | ||
| 040 | _cPNEC | ||
| 082 | _a620.106 HOF | ||
| 100 |
_9819 _aHoffmann Klaus A |
||
| 245 |
_aStudent guide to CFD Volume 1 _cKlaus A Hoffmann |
||
| 260 |
_aWichita, Kan. : _bEngineering Education System, _cc.2000. |
||
| 300 |
_a3 v. 227 p. : _bill. ; _c28 cm. |
||
| 500 | _ahttps://www.worldcat.org/title/student-guide-to-cfd/oclc/48482640&referer=brief_results http://www.amazon.com/Student-Guide-Computational-Fluid-Dynamics/dp/1931222002/ref=sr_1_1?ie=UTF8&qid=1414217958&sr=8-1&keywords=1931222002 | ||
| 942 |
_2ddc _cBK |
||
| 999 |
_c61351 _d61351 |
||